| 000 | 00653nam a2200217Ia 4500 | ||
|---|---|---|---|
| 999 |
_c50433 _d50433 |
||
| 001 | 17377 | ||
| 003 | GE_BSU | ||
| 005 | 20200226111441.0 | ||
| 008 | 181216s1976||||enk|||||||||||||| ||eng|| | ||
| 040 | _cGE_BSU | ||
| 041 | _aeng | ||
| 080 | _a616-093 Ch-49 | ||
| 100 |
_aChatterjee, K.D. _97459 |
||
| 245 |
_aParasitology : _bProtozoology and Helminthology in Relation to Clinical Medicine / _c K. D. Chatterjee. |
||
| 264 |
_aCalcutta, _c1976. |
||
| 300 | _a237 p. | ||
| 653 | _aპარაზიტოლოგია | ||
| 653 | _aპროტოზოოლოგია | ||
| 653 | _aჰელმინთოლოგია | ||
| 942 |
_cBK _2udc |
||